| 000 | 00460nam a22001577a 4500 | ||
|---|---|---|---|
| 082 |
_a628.3 _bBAB _cL-23, P-34 |
||
| 100 | _aBabbitt, Harold E. | ||
| 245 |
_aSewerage and sewage treatment _cBabbitt, Harold E. |
||
| 250 | _a8th ed. | ||
| 260 |
_aNew York _bJohn Wiley & sons _c1960 |
||
| 300 |
_aviii, 790 p. _bill. _c26 cm |
||
| 526 |
_a0 _b0 _c0 _d628_300000000000000_BAB |
||
| 526 |
_a0 _b0 _c0 _d628_300000000000000_BAB |
||
| 650 |
_aMCE _9379 |
||
| 942 |
_2ddc _cBK |
||
| 999 |
_c548060 _d548060 |
||